Statistics for Scottish Football PFA Scotland Players' Player of the Year Winners

Click here to take the quiz!

General Stats

  • This quiz has been taken 200 times
  • The average score is 9 of 38

Answer Stats

HintAnswer% Correct
1983-84 (Aberdeen)Willie Miller
67%
2008-09 (Celtic)Scott Brown
62%
1991-92 (Rangers)Ally McCoist
57%
2002-03 (Rangers)Barry Ferguson
49%
1994-95 (Rangers)Brian Laudrup
49%
2003-04 (Celtic)Chris Sutton
48%
1995-96 (Rangers)Paul Gascoigne
46%
1987-88 (Celtic)Paul McStay
38%
2013-14 (Celtic)Kris Commons
29%
1998-99 (Celtic) | 2000-01 (Celtic)Henrik Larsson
29%
2012-13 (Motherwell)Michael Higdon
26%
2006-07 (Celtic)Shunsuke Nakamura
26%
1977-78 (Rangers)Derek Johnstone
25%
2001-02 (Rangers)Lorenzo Amoruso
20%
1985-86 (Dundee United)Richard Gough
20%
1992-93 (Rangers)Andy Goram
20%
1996-97 (Celtic)Paolo Di Canio
20%
1993-94 (Rangers)Mark Hateley
18%
2007-08 (Celtic)Aiden McGeady
17%
1982-83 (Celtic)Charlie Nicholas
16%
2005-06 (Celtic)Shaun Maloney
14%
2014-15 (Celtic)Stefan Johansen
14%
1997-98 (Celtic)Jackie McNamara
14%
2009-10 (Rangers)Steven Davis
13%
1999-00 (Celtic)Mark Viduka
10%
2011-12 (Celtic)Charlie Mulgrew
10%
1986-87 (Celtic)Brian McClair
9%
2010-11 (Celtic)Emilio Izaguirre
9%
1980-81 (Aberdeen)Mark McGhee
8%
1989-90 (Aberdeen)Jim Bett
8%
1978-79 (Dundee United)Paul Hegarty
7%
1988-89 (Aberdeen)Theo Snelders
7%
1981-82 (Airdrieonians)Sandy Clark
7%
1979-80 (Celtic)Davie Provan
5%
1984-85 (Greenock Morton)Jim Duffy
2%
2004-05 (Rangers/Celtic)Fernando Ricksen and John Hartson
2%
1990-91 (Celtic)Paul Elliot
1%

Score Distribution

Percentile by Number Answered

Percent of People with Each Score

Your Score History

You have not taken this quiz